Vista normal
Vista MARC
Entrada Personal Name
Número de registros utilizados en: 1
001 - CONTROL NUMBER
- control field: 40830
003 - CONTROL NUMBER IDENTIFIER
- control field: OSt
005 - DATE AND TIME OF LATEST TRANSACTION
- control field: 20210927135940.0
008 - FIXED-LENGTH DATA ELEMENTS
- fixed length control field: 210927|| aca||aabn | a|a d
040 ## - CATALOGING SOURCE
- Original cataloging agency: OSt
- Transcribing agency: OSt
100 ## - HEADING--PERSONAL NAME
- Personal name: Fandiño, Alejandro
670 ## - SOURCE DATA FOUND
- Source citation: Work cat.: (OSt)12564: Clavijo, Sergio, autor 28582, La desindustrialización en Colombia : , 2012.